| 000 | 00823nam a22002175i 4500 | ||
|---|---|---|---|
| 001 | 156214 | ||
| 003 | ES-MaACL | ||
| 005 | 20250909230556.0 | ||
| 008 | 940202s1875 sp a |||| | spa d | ||
| 040 |
_aAR _bspa |
||
| 100 | 1 |
_aJagor, Fedar ( _d1816-1900) _9128255 |
|
| 245 | 1 | 0 |
_aViajes por Filipinas / _cde F. Jagor ; traducidos del alemán por S. Vidal y Soler. |
| 250 | _aEd. ilustrada con numerosos grabados. | ||
| 260 |
_aMadrid : _b[s.n.], _c1875 ( _fImp. estereotipia y galvanoplastia de Aribau y Cía, sucesores de Rivadeneira) |
||
| 300 |
_aXIX, 400 p., [8] h. de lam. : _bil. ; _c23 cm. |
||
| 650 | 4 |
_aFilipinas- _xDescripción. _9222540 |
|
| 700 | 1 | 1 |
_aVidal y Soler, Sebastián, _d1842-1889 _etrad. _9114528 |
| 852 |
_aES-MaACL _jF-12043 _z-- Enc. pasta |
||
| 999 |
_c156214 _d156214 |
||